书目信息 |
| 题名: |
景观生态学
|
|
| 作者: | 肖笃宁 , 李秀珍 , 高峻 编著 | |
| 分册: | ||
| 出版信息: | 北京 科学出版社 2003 |
|
| 页数: | 224页 | |
| 开本: | 26cm | |
| 丛书名: | 中国科学院研究生教学丛书 | |
| 单 册: | ||
| 中图分类: | Q149 , P901-05 | |
| 科图分类: | ||
| 主题词: | 景观学--生态学--研究生--教材 | |
| 电子资源: | ||
| ISBN: | 7-03-010628-8 | |
| 000 | 01088oam2 2200313 45 | |
| 001 | 012003912905 | |
| 005 | 20070805110450.10 | |
| 009 | 012003912905 | |
| 010 | @a7-03-010628-8@dCNY26.00 | |
| 035 | @a(110017)012004029158 | |
| 100 | @a20030619e20072003em y0chiy0110 ea | |
| 101 | 0 | @achi |
| 102 | @aCN@b110000 | |
| 105 | @aa z 000yy | |
| 106 | @ar | |
| 200 | 1 | @a景观生态学@Ajing guan sheng tai xue@f肖笃宁等编著@Fxiao du ning deng bian zhu |
| 210 | @a北京@c科学出版社@d2003@h2007重印 | |
| 215 | @a224页@c图@d26cm | |
| 225 | 2 | @a中国科学院研究生教学丛书@Azhong guo ke xue yuan yan jiu sheng jiao xue cong shu |
| 330 | @a本书深入系统地介绍了景观生态学的理论体系和实际应用,结合国内外最新的研究动态和成果,在继承传统生态学基本思想的基础上融合了地学的相关概念。 | |
| 461 | 0 | @12001 @a中国科学院研究生教学丛书 |
| 606 | 0 | @a景观学@x生态学@x研究生@j教材 |
| 690 | @aQ149@v4 | |
| 690 | @aP901-05@v4 | |
| 701 | 0 | @a肖笃宁@Axiao du ning@4编著 |
| 701 | 0 | @a李秀珍@Ali xiu zhen@4编著 |
| 701 | 0 | @a高峻@Agao jun@4编著 |
| 801 | 0 | @aCN@b021001@c20070805 |
| 905 | @dQ149@e143@f4 | |
| 景观生态学/肖笃宁等编著.-北京:科学出版社,2003(2007重印) |
| 224页:图;26cm.-(中国科学院研究生教学丛书) |
| ISBN 7-03-010628-8:CNY26.00 |
| 本书深入系统地介绍了景观生态学的理论体系和实际应用,结合国内外最新的研究动态和成果,在继承传统生态学基本思想的基础上融合了地学的相关概念。 |
| ● |
| 相关链接 |
|
|
|
|
正题名:景观生态学
索取号:Q149/143
 
预约/预借
| 序号 | 登录号 | 条形码 | 馆藏地/架位号 | 状态 | 备注 |
| 1 | 0851810 | 208518102 | 第二样本阅览室/ [索取号:Q149/143] | 在馆 | |
| 2 | 0851811 | 208518111 | 第三借阅区/ [索取号:Q149/143] | 在馆 | |
| 3 | 0851812 | 208518120 | 第三借阅区/ [索取号:Q149/143] | 在馆 | |
| 4 | 0851813 | 208518139 | 第三借阅区/ [索取号:Q149/143] | 在馆 |